000 01698cam a2200385 i 4500
001 18721633
003 NUST
005 20221027143752.0
008 150729r20161954nyu 001 0 eng
010 _a 2015028988
020 _a9780486781655 (pbk.)
020 _a0486781658
040 _aDLC
_beng
_cDLC
_erda
_dDLC
041 1 _aeng
_hrus
042 _apcc
050 0 0 _aQA241
_b.V513 2016
082 0 0 _a512.7, VIN
_223
100 1 _aVinogradov, I. M.
_q(Ivan Matveevich),
_d1891-1983.
_910540
240 1 0 _aOsnovy teorii chisel.
_lEnglish
245 1 0 _aElements of number theory /
_cI.M. Vinogradov ; translated from the fifth revised edition by Saul Kravetz.
250 _aDover edition.
264 1 _aMineola, New York :
_bDover Publications, Inc.,
_c2016.
300 _aviii, 227 pages ;
_c22 cm.
336 _atext
_2rdacontent
337 _aunmediated
_2rdamedia
338 _avolume
_2rdacarrier
490 0 _aDover books on mathematics
505 _aChapter I- Divisibility Theory (Page-1),Chapter II- Important Number-Theoretical Functions (Page-21),Chapter III- Congruences (Page-41),Chapter IV- Congruences in One Unknown (Page-59),Chapter V- Congruences of Second Degree (Page-79), Chapter VI- Primitive Roots and Indices (Page-105).
650 0 _aNumber theory.
_93455
856 4 2 _3Contributor biographical information
_uhttp://www.loc.gov/catdir/enhancements/fy1511/2015028988-b.html
856 4 2 _3Publisher description
_uhttp://www.loc.gov/catdir/enhancements/fy1511/2015028988-d.html
906 _a7
_bcbc
_corignew
_d1
_eecip
_f20
_gy-gencatlg
942 _2ddc
_cBK
999 _c592056
_d592056